5 Biggest Cities in - Bosnia and Herzegovina - Statistics

General Stats
  • This quiz has been taken 248 times
  • The average score is 4 of 5
Answer Stats
Population City % Correct
696,731 Sarajevo
100%
221,106 Banja Luka
93%
104,518 Mostar
89%
142,486 Tuzla
84%
164,423 Zenica
81%
No matching quizzes found
Score Distribution
Percent of People with Each Score
Percentile by Number Answered
Your Score History
You have not taken this quiz